MLB 2025 Batting Average Leaders - Statistics

General Stats
  • This quiz has been taken 21 times
  • The average score is 33 of 50
Answer Stats
BAA Team Answer % Correct
.331 Yankees Aaron Judge
100%
.295 Royals Bobby Witt Jr.
100%
.295 Dodgers Freddie Freeman
100%
.309 Blue Jays George Springer
100%
.282 Dodgers Shohei Ohtani
100%
.292 Blue Jays Vladimir Guerrero Jr.
100%
.311 Blue Jays Bo Bichette
94%
.268 Padres Fernando Tatis Jr.
94%
.267 Mariners Julio Rodríguez
94%
.264 Reds Elly De La Cruz
88%
.311 Athletics Jacob Wilson
88%
.304 Phillies Trea Turner
88%
.304 Astros Jeremy Peña
81%
.275 Padres Manny Machado
81%
.282 Blue Jays Alejandro Kirk
75%
.272 Yankees Cody Bellinger
75%
.265 Astros Jose Altuve
75%
.283 Diamondbacks Ketel Marte
75%
.288 Brewers Brice Turang
69%
.267 Mets Francisco Lindor
69%
.283 Guardians José Ramírez
69%
.292 Padres Luis Arraez
69%
.297 Cubs Nico Hoerner
69%
.272 Mets Pete Alonso
69%
.272 Guardians Steven Kwan
69%
.300 Rays Yandy Díaz
69%
.287 Cardinals Brendan Donovan
63%
.277 Blue Jays Ernie Clement
63%
.274 Orioles Gunnar Henderson
63%
.265 Mariners J.P. Crawford
63%
.272 Braves Matt Olson
63%
.274 Yankees Paul Goldschmidt
63%
.286 Royals Maikel Garcia
56%
.276 Athletics Tyler Soderstrom
56%
.278 Rockies Hunter Goodman
50%
.295 Mariners Josh Naylor
50%
.281 Padres Ryan O’Hearn
50%
.277 Athletics Shea Langeliers
50%
.272 Dodgers Andy Pages
44%
.270 Brewers Jackson Chourio
44%
.265 Mariners Jorge Polanco
44%
.266 Giants Jung Hoo Lee
44%
.283 Marlins Xavier Edwards
44%
.290 Cardinals Alec Burleson
38%
.290 Diamondbacks Geraldo Perdomo
38%
.288 Brewers Sal Frelick
38%
.266 Dodgers Kyle Tucker
31%
.276 Astros Carlos Correa
25%
.269 Reds Gavin Lux
19%
.287 Phillies Alec Bohn
0%
No matching quizzes found
Score Distribution
Percent of People with Each Score
Percentile by Number Answered
Your Score History
You have not taken this quiz